| 000 | 00346nam a2200133Ia 4500 | ||
|---|---|---|---|
| 008 | 240624s9999 xx 000 0 und d | ||
| 041 | _aeng | ||
| 082 | _a658 HEF | ||
| 100 | _aHEFLEY BILL | ||
| 245 | _aSERVICE SCIENCE MANAGEMENT AND ENGINEERI | ||
| 260 |
_c2008 _aNew York _bSpringer |
||
| 300 | _axxvi, : 384 : p. : cm. ; 24 | ||
| 365 |
_cERU _b28 |
||
| 999 |
_c21381 _d21381 |
||